[Event "South Moravia Region-chT 2223"]
[Site "Czech Republic"]
[Date "2023.02.26"]
[Round "9.1"]
[White "Pesak, Roman"]
[Black "Tajovsky, Martin"]
[Result "1/2-1/2"]
[WhiteElo "1908"]
[BlackElo "2222"]
[PlyCount "37"]
[EventDate "2022.10.09"]
[EventType "team-tourn"]
[EventRounds "11"]
[EventCountry "CZE"]
[SourceTitle "EXT 2024"]
[Source "ChessBase"]
[SourceDate "2023.10.10"]
[SourceVersion "1"]
[SourceVersionDate "2023.10.10"]
[SourceQuality "1"]

1. e4 c5 2. Nf3 Nc6 3. d4 cxd4 4. Nxd4 Nf6 5. Nc3 e5 6. Nxc6 bxc6 7. Bd3 Be7 8. 0-0 0-0 9. Kh1 Rb8 10. b3 d6 11. f4 exf4 12. Bxf4 Ng4 13. Be2 Ne5 14. Bxe5 dxe5 15. Qxd8 Bxd8 16. Bc4 g6 17. Rad1 Ba5 18. Na4 Rb7 19. Rf6 1/2-1/2

[Event "CZE-chT2E 1718"]
[Site "Czech Republic"]
[Date "2018.03.18"]
[Round "10.1"]
[White "Babula, Milan"]
[Black "Tajovsky, Martin"]
[Result "1/2-1/2"]
[WhiteElo "2220"]
[BlackElo "2224"]
[PlyCount "65"]
[EventDate "2017.10.15"]
[EventType "team-tourn"]
[EventRounds "11"]
[EventCountry "CZE"]
[SourceTitle "EXT 2022"]
[Source "ChessBase"]
[SourceDate "2021.10.06"]
[SourceVersion "1"]
[SourceVersionDate "2021.10.06"]
[SourceQuality "1"]
[WhiteTeam "Vlcnov"]
[BlackTeam "Kurim"]
[WhiteTeamCountry "CZE"]
[BlackTeamCountry "CZE"]

1. e4 c5 2. Nf3 Nc6 3. Bb5 g6 4. 0-0 Bg7 5. Re1 Nf6 6. e5 Nd5 7. Nc3 Nc7 8. Bxc6 dxc6 9. Ne4 Ne6 10. d3 0-0 11. Be3 b6 12. Qd2 Nd4 13. Nxd4 cxd4 14. Bh6 f6 15. Bxg7 Kxg7 16. exf6+ exf6 17. Re2 Bf5 18. Rae1 Qd5 19. b3 Rae8 20. h4 c5 21. Ng3 Bd7 22. Qf4 Bc6 23. f3 Rxe2 24. Rxe2 Re8 25. Rxe8 Bxe8 26. Ne4 Qe5 27. Qxe5 fxe5 28. Kf2 Bc6 29. Nd6 Bd7 30. a4 Kf6 31. Ne4+ Ke7 32. g4 h6 33. Ng3 1/2-1/2

[Event "CZE-chT2E 1718"]
[Site "Czech Republic"]
[Date "2017.12.03"]
[Round "4.2"]
[White "Gasa, Patrik"]
[Black "Tajovsky, Martin"]
[Result "1/2-1/2"]
[WhiteElo "2096"]
[BlackElo "2224"]
[PlyCount "38"]
[EventDate "2017.10.15"]
[EventType "team-tourn"]
[EventRounds "11"]
[EventCountry "CZE"]
[SourceTitle "EXT 2022"]
[Source "ChessBase"]
[SourceDate "2021.10.06"]
[SourceVersion "1"]
[SourceVersionDate "2021.10.06"]
[SourceQuality "1"]
[WhiteTeam "Prusanky Podluzan"]
[BlackTeam "Kurim"]
[WhiteTeamCountry "CZE"]
[BlackTeamCountry "CZE"]

1. d4 d5 2. Bf4 Nf6 3. Nf3 c5 4. e3 Nc6 5. c3 e6 6. Nbd2 Be7 7. Bd3 0-0 8. 0-0 b6 9. Rc1 Bd6 10. Ne5 Qc7 11. Ndf3 h6 12. Nxc6 Qxc6 13. Ne5 Qc7 14. Qf3 Bb7 15. h3 Qe7 16. Ng4 Nxg4 17. Qxg4 Bxf4 18. Qxf4 Rac8 19. Qg3 Qg5 1/2-1/2

[Event "CZE-chT2E 1617"]
[Site "Czech Republic"]
[Date "2016.11.13"]
[Round "3.5"]
[White "Tajovsky, Martin"]
[Black "Sojka, Ales"]
[Result "1-0"]
[WhiteElo "2204"]
[BlackElo "2149"]
[PlyCount "55"]
[EventDate "2016.09.10"]
[EventType "team-tourn"]
[EventRounds "11"]
[EventCountry "CZE"]
[SourceTitle "EXT 2022"]
[Source "ChessBase"]
[SourceDate "2021.10.06"]
[SourceVersion "1"]
[SourceVersionDate "2021.10.06"]
[SourceQuality "1"]
[WhiteTeam "Kurim"]
[BlackTeam "Kromeriz Slavia II"]
[WhiteTeamCountry "CZE"]
[BlackTeamCountry "CZE"]

1. d4 d6 2. c4 e5 3. Nf3 Nc6 4. Nc3 Bg4 5. d5 Nb8 6. e4 a5 7. Be2 Be7 8. Be3 Bxf3 9. Bxf3 Bg5 10. Qa4+ Nd7 11. Bxg5 Qxg5 12. c5 dxc5 13. Nb5 Qd8 14. d6 cxd6 15. Nxd6+ Ke7 16. Rd1 Ngf6 17. Qb3 Qb6 18. Qxf7+ Kd8 19. 0-0 Kc7 20. Rd3 a4 21. Rfd1 Rhf8 22. Qe7 Qc6 23. h3 h5 24. Qxg7 Rg8 25. Qe7 b5 26. Nf5 Rae8 27. Rd6 Rxe7 28. Rxc6+ 1-0

[Event "CZE-chT2E 1516"]
[Site "Czech Republic"]
[Date "2016.02.21"]
[Round "8.1"]
[White "Tajovsky, Martin"]
[Black "Pisk, Petr"]
[Result "1/2-1/2"]
[WhiteElo "2204"]
[BlackElo "2355"]
[PlyCount "38"]
[EventDate "2015.10.18"]
[EventType "team-tourn"]
[EventRounds "11"]
[EventCountry "CZE"]
[SourceTitle "EXT 2022"]
[Source "ChessBase"]
[SourceDate "2021.10.06"]
[SourceVersion "1"]
[SourceVersionDate "2021.10.06"]
[SourceQuality "1"]
[WhiteTeam "Kurim"]
[BlackTeam "Jundrov Jezdci"]
[WhiteTeamCountry "CZE"]
[BlackTeamCountry "CZE"]

1. d4 Nf6 2. Nf3 g6 3. g3 Bg7 4. Bg2 0-0 5. 0-0 d6 6. c4 a6 7. Nc3 Nc6 8. d5 Na5 9. Nd2 c5 10. Rb1 e6 11. b3 exd5 12. cxd5 b5 13. e4 Bd7 14. Re1 Ng4 15. Ne2 b4 16. Nf3 Re8 17. Nf4 Qb6 18. h3 Nf6 19. Nd2 Re7 1/2-1/2

[Event "CZE-chT2E 1516"]
[Site "Czech Republic"]
[Date "2016.01.10"]
[Round "5.1"]
[White "Burdalev, Kirill"]
[Black "Tajovsky, Martin"]
[Result "1-0"]
[WhiteElo "2351"]
[BlackElo "2204"]
[PlyCount "75"]
[EventDate "2015.10.18"]
[EventType "team-tourn"]
[EventRounds "11"]
[EventCountry "CZE"]
[SourceTitle "EXT 2022"]
[Source "ChessBase"]
[SourceDate "2021.10.06"]
[SourceVersion "1"]
[SourceVersionDate "2021.10.06"]
[SourceQuality "1"]
[WhiteTeam "Brno Lokomotiva II"]
[BlackTeam "Kurim"]
[WhiteTeamCountry "CZE"]
[BlackTeamCountry "CZE"]

1. Nf3 Nf6 2. c4 c5 3. Nc3 Nc6 4. g3 d5 5. cxd5 Nxd5 6. Bg2 Nc7 7. 0-0 e5 8. a3 Be7 9. b4 f6 10. b5 Nd4 11. Nh4 f5 12. e3 Bxh4 13. exd4 cxd4 14. gxh4 dxc3 15. Qh5+ g6 16. Qe2 e4 17. Qc4 cxd2 18. Bb2 Rf8 19. Rfd1 Be6 20. Qb4 Qe7 21. Qxd2 Rd8 22. Qh6 Rf7 23. a4 Rxd1+ 24. Rxd1 Qb4 25. Bg7 Qxa4 26. Ra1 Qxb5 27. Qxh7 Qb6 28. Qh8+ Kd7 29. Bd4 Qc6 30. Bxa7 Bd5 31. Rd1 Ke7 32. Qe5+ Kf8 33. Be3 Kg8 34. Bd4 Kf8 35. Qh8+ Ke7 36. Be3 Ne6 37. Qe5 Qd6 38. Bg5+ 1-0

[Event "CZE-chT2E 1314"]
[Site "Czech Republic"]
[Date "2014.03.23"]
[Round "10.3"]
[White "Stanec, Stanislav"]
[Black "Tajovsky, Martin"]
[Result "0-1"]
[WhiteElo "2195"]
[BlackElo "2200"]
[PlyCount "72"]
[EventDate "2013.11.03"]
[EventType "team-tourn"]
[EventRounds "11"]
[EventCountry "CZE"]
[SourceTitle "EXT 2016"]
[Source "ChessBase"]
[SourceDate "2015.10.08"]
[SourceVersion "1"]
[SourceVersionDate "2015.10.08"]
[SourceQuality "1"]
[WhiteTeam "Prusanky Podluzan"]
[BlackTeam "Kurim"]
[WhiteTeamCountry "CZE"]
[BlackTeamCountry "CZE"]

1. e4 c5 2. Nf3 Nc6 3. d4 cxd4 4. Nxd4 Nf6 5. Nc3 e5 6. Ndb5 d6 7. Bg5 a6 8. Na3 b5 9. Nd5 Be7 10. Nxe7 Qxe7 11. c3 h6 12. Bxf6 Qxf6 13. Nc2 0-0 14. a4 Rb8 15. b4 Ne7 16. Ne3 Bb7 17. axb5 axb5 18. Bd3 d5 19. exd5 e4 20. Bxe4 Qxc3+ 21. Ke2 Qxb4 22. Bf3 Rfd8 23. Rb1 Qd6 24. Qb3 b4 25. g3 Ba6+ 26. Ke1 Qf6 27. Be2 Bb7 28. Bc4 Nf5 29. Qb2 Qe7 30. Qxb4 Qe4 31. Ke2 Nxe3 32. fxe3 Ba6 33. Qxb8 Bxc4+ 34. Kf2 Qc2+ 35. Kf3 Bxd5+ 36. e4 Qxe4+ 0-1

[Event "CZE-chT2E 1314"]
[Site "Czech Republic"]
[Date "2014.03.02"]
[Round "9.3"]
[White "Tajovsky, Martin"]
[Black "Markovic, Ivan1111"]
[Result "1/2-1/2"]
[WhiteElo "2200"]
[BlackElo "2112"]
[PlyCount "32"]
[EventDate "2013.11.03"]
[EventType "team-tourn"]
[EventRounds "11"]
[EventCountry "CZE"]
[SourceTitle "EXT 2016"]
[Source "ChessBase"]
[SourceDate "2015.10.08"]
[SourceVersion "1"]
[SourceVersionDate "2015.10.08"]
[SourceQuality "1"]
[WhiteTeam "Kurim"]
[BlackTeam "Hustopece"]
[WhiteTeamCountry "CZE"]
[BlackTeamCountry "CZE"]

1. Nf3 d6 2. d4 Nf6 3. c4 Nbd7 4. Nc3 e5 5. e4 Be7 6. Be2 0-0 7. 0-0 c6 8. Re1 Re8 9. b3 Bf8 10. Bf1 h6 11. Bb2 Qc7 12. Qc2 a6 13. a4 a5 14. Rad1 g6 15. h3 Nh5 16. g3 Kh7 1/2-1/2

[Event "CZE-chT2E 1213"]
[Site "Czech Republic"]
[Date "2013.02.17"]
[Round "9.3"]
[White "Svehla, Karel"]
[Black "Tajovsky, Martin"]
[Result "0-1"]
[WhiteElo "2126"]
[BlackElo "2187"]
[PlyCount "84"]
[EventDate "2012.10.14"]
[EventType "team-tourn"]
[EventRounds "11"]
[EventCountry "CZE"]
[SourceTitle "EXT 2016"]
[Source "ChessBase"]
[SourceDate "2015.10.08"]
[SourceVersion "1"]
[SourceVersionDate "2015.10.08"]
[SourceQuality "1"]
[WhiteTeam "Adamov"]
[BlackTeam "Brno Duras II"]
[WhiteTeamCountry "CZE"]
[BlackTeamCountry "CZE"]

1. e4 c5 2. Nf3 Nc6 3. d4 cxd4 4. Nxd4 Nf6 5. Nc3 e5 6. Ndb5 d6 7. Bg5 a6 8. Na3 b5 9. Nd5 Be7 10. Bxf6 Bxf6 11. c4 b4 12. Nc2 a5 13. b3 0-0 14. Be2 Bg5 15. Bg4 Bb7 16. 0-0 g6 17. Qd3 Nb8 18. g3 Na6 19. Rad1 Nc5 20. Qe2 f5 21. Bf3 Kh8 22. Bg2 f4 23. f3 Ra7 24. Ne1 Bxd5 25. Rxd5 Qb6 26. Qf2 Bd8 27. Kh1 a4 28. Nd3 Nxd3 29. Rxd3 Qxf2 30. Rxf2 Bb6 31. Rc2 Bc5 32. Bf1 axb3 33. Rxb3 fxg3 34. hxg3 Kg7 35. Kg2 h5 36. Kh3 g5 37. Rg2 g4+ 38. Kh2 gxf3 39. Rc2 Kh6 40. Bh3 Kg5 41. Bf5 Rxf5 42. exf5 e4 0-1

[Event "CZE-chT2D 1011"]
[Site "Czech Republic"]
[Date "2011.01.09"]
[Round "5"]
[White "Tajovsky, Martin"]
[Black "Petuchov, Sergej"]
[Result "1-0"]
[WhiteElo "2171"]
[BlackElo "2160"]
[PlyCount "69"]
[EventDate "2010.10.17"]
[EventType "team-tourn"]
[EventRounds "11"]
[EventCountry "CZE"]
[SourceTitle "EXT 2012"]
[Source "ChessBase"]
[SourceDate "2011.11.24"]
[SourceVersion "1"]
[SourceVersionDate "2011.11.24"]
[SourceQuality "1"]
[WhiteTeam "Brno Duras II"]
[BlackTeam "Pardubice AKIS"]
[WhiteTeamCountry "CZE"]
[BlackTeamCountry "CZE"]

1. d4 Nf6 2. c4 c5 3. e3 g6 4. Nc3 Bg7 5. Nf3 cxd4 6. exd4 0-0 7. Bg5 d6 8. Be2 Nbd7 9. 0-0 Re8 10. Re1 h6 11. Bf4 e5 12. dxe5 dxe5 13. Nxe5 Qb6 14. Nd3 Qd4 15. Nb5 Qxc4 16. Nd6 Qd4 17. Nxe8 Nxe8 18. Bf3 Ndf6 19. Be5 Qb6 20. Qb3 Qa5 21. Bxb7 Bxb7 22. Qxb7 Rd8 23. Bc3 Qh5 24. Ne5 g5 25. Qxa7 Bf8 26. Qe3 g4 27. h3 Rd5 28. hxg4 Qh4 29. Rad1 Bc5 30. Qf3 Rxd1 31. Rxd1 Bd6 32. g3 Qg5 33. Qf5 Bxe5 34. Qxg5+ hxg5 35. Bxe5 1-0

[Event "CZE-chT2E 0809"]
[Site "Czech Republic"]
[Date "2009.01.25"]
[Round "7.2"]
[White "Tajovsky, Martin"]
[Black "Pakosta, Miroslav"]
[Result "1-0"]
[WhiteElo "2133"]
[BlackElo "2156"]
[PlyCount "87"]
[EventDate "2008.10.12"]
[EventType "team-tourn"]
[EventRounds "11"]
[EventCountry "CZE"]
[SourceTitle "EXT 2010"]
[Source "ChessBase"]
[SourceDate "2010.11.25"]
[SourceVersion "1"]
[SourceVersionDate "2010.11.25"]
[SourceQuality "1"]
[WhiteTeam "Brno Duras III"]
[BlackTeam "Brno Lokomotiva II"]
[WhiteTeamCountry "CZE"]
[BlackTeamCountry "CZE"]

1. d4 d6 2. c4 e5 3. Nf3 exd4 4. Nxd4 g6 5. g3 Bg7 6. Bg2 Ne7 7. 0-0 Nbc6 8. Nxc6 Nxc6 9. Nc3 0-0 10. Bf4 Be6 11. Qa4 Qd7 12. Rfd1 Qe8 13. c5 dxc5 14. Bxc7 Bxc3 15. bxc3 Nd4 16. Qxe8 Nxe2+ 17. Kf1 Rfxe8 18. Kxe2 Rac8 19. Bf4 Bg4+ 20. Kf1 Be2+ 21. Kg1 Bxd1 22. Rxd1 Rcd8 23. Rxd8 Rxd8 24. Bxb7 Rd3 25. c4 Ra3 26. Bd6 Rxa2 27. Bxc5 Ra1+ 28. Kg2 a5 29. Be3 Rb1 30. Bc6 Rb4 31. Bb5 Rb2 32. Bd7 Rb7 33. Bb5 f6 34. Kf3 Kf7 35. Ke4 Ke6 36. Kd4 g5 37. Kc5 Rb8 38. Kc6 Rd8 39. c5 f5 40. Bxg5 Rc8+ 41. Kb6 Kd5 42. Be3 h5 43. c6 f4 44. Bxf4 1-0

[Event "CZE-chT2E 0809"]
[Site "Czech Republic"]
[Date "2008.12.21"]
[Round "5.1"]
[White "Neoral, Antonin"]
[Black "Tajovsky, Martin"]
[Result "1/2-1/2"]
[WhiteElo "2146"]
[BlackElo "2133"]
[PlyCount "46"]
[EventDate "2008.10.12"]
[EventType "team-tourn"]
[EventRounds "11"]
[EventCountry "CZE"]
[SourceTitle "EXT 2010"]
[Source "ChessBase"]
[SourceDate "2010.11.25"]
[SourceVersion "1"]
[SourceVersionDate "2010.11.25"]
[SourceQuality "1"]
[WhiteTeam "Olomouc"]
[BlackTeam "Brno Duras III"]
[WhiteTeamCountry "CZE"]
[BlackTeamCountry "CZE"]

1. e4 c5 2. Nf3 e6 3. d3 Nc6 4. g3 g6 5. Bg2 Bg7 6. 0-0 Nge7 7. c3 e5 8. Na3 0-0 9. Be3 d6 10. d4 cxd4 11. cxd4 d5 12. exd5 Nxd5 13. Bg5 f6 14. Bc1 exd4 15. Nxd4 Nxd4 16. Qxd4 Be6 17. Rd1 Nb4 18. Bf4 Qxd4 19. Rxd4 Nxa2 20. Nb5 Rad8 21. Bxb7 Rxd4 22. Nxd4 Bf7 23. Nb5 f5 1/2-1/2

[Event "CZE-chT2E 0809"]
[Site "Czech Republic"]
[Date "2008.11.23"]
[Round "3.1"]
[White "Tajovsky, Martin"]
[Black "Zpevak, Pavel"]
[Result "0-1"]
[WhiteElo "2133"]
[BlackElo "2398"]
[PlyCount "72"]
[EventDate "2008.10.12"]
[EventType "team-tourn"]
[EventRounds "11"]
[EventCountry "CZE"]
[SourceTitle "EXT 2010"]
[Source "ChessBase"]
[SourceDate "2010.11.25"]
[SourceVersion "1"]
[SourceVersionDate "2010.11.25"]
[SourceQuality "1"]
[WhiteTeam "Brno Duras III"]
[BlackTeam "Holesov"]
[WhiteTeamCountry "CZE"]
[BlackTeamCountry "CZE"]

1. d4 Nf6 2. c4 e6 3. Nf3 b6 4. g3 Ba6 5. Qc2 c5 6. d5 exd5 7. cxd5 g6 8. Nc3 Bg7 9. Bg2 0-0 10. 0-0 d6 11. Bf4 Qe7 12. Rfe1 Nbd7 13. e4 Ng4 14. e5 Ngxe5 15. Kh1 Qd8 16. Rad1 Bb7 17. Bg5 f6 18. Bf4 a6 19. Ne4 Nxf3 20. Bxf3 Ne5 21. Bg2 Rc8 22. Bh3 Rc7 23. Bxe5 dxe5 24. d6 Rc6 25. Bg2 f5 26. Qc4+ Kh8 27. Nc3 e4 28. Qd5 Bd4 29. Nxe4 fxe4 30. Bxe4 Rf6 31. d7 Rc7 32. Qg5 Rxd7 33. Rxd4 cxd4 34. Bxb7 Rxb7 35. Re8+ Qxe8 36. Qxf6+ Kg8 0-1

[Event "CZE-chT2c 0405"]
[Site "Czech Republic"]
[Date "2005.03.06"]
[Round "9.8"]
[White "Skala, Jaromir"]
[Black "Tajovsky, Martin"]
[Result "1/2-1/2"]
[WhiteElo "1964"]
[BlackElo "2146"]
[PlyCount "33"]
[EventDate "2004.10.17"]
[EventType "team"]
[EventRounds "11"]
[EventCountry "CZE"]
[SourceTitle "EXT 2007"]
[Source "ChessBase"]
[SourceDate "2006.11.23"]
[SourceVersion "1"]
[SourceVersionDate "2006.11.23"]
[SourceQuality "1"]
[WhiteTeam "Kutna Hora"]
[BlackTeam "Hradec Kralove II"]
[WhiteTeamCountry "CZE"]
[BlackTeamCountry "CZE"]

1. e4 c5 2. Nf3 Nc6 3. Bb5 g6 4. 0-0 Bg7 5. c3 Nf6 6. Re1 0-0 7. e5 Nd5 8. d4 cxd4 9. cxd4 d6 10. Bxc6 bxc6 11. Nc3 Nxc3 12. bxc3 Bg4 13. Bf4 Rb8 14. h3 Bf5 15. Qa4 Qc7 16. exd6 exd6 17. Qa3 1/2-1/2